Guess NFL TEAM By Player - Statistics

General Stats
  • This quiz has been taken 23 times
  • The average score is 12 of 15
Answer Stats
Hint Answer % Correct
Skylar Thompson Dolphins
96%
DJ Moore Panthers
96%
Tim Patrick Broncos
91%
Christian Watson Packers
91%
Cameron Brate Buccaneers
87%
Chad Hene Chiefs
87%
Alex Anzalone Lions
87%
Trace McSorley Cardinals
83%
Feleipe Franks Falcons
83%
Carl Lawson Jets
78%
James Hurst Saints
70%
Andrus Peat Saints
70%
Kolten Miller Raiders
65%
Jihad Ward Giants
57%
Troy Dye Vikings
57%
No matching quizzes found
Score Distribution
Percent of People with Each Score
Percentile by Number Answered
Your Score History
You have not taken this quiz